[Event "Copenhagen Obro New Year op"]
[Site "Copenhagen"]
[Date "2019.12.28"]
[Round "2"]
[White "Andersen, Rune"]
[Black "Vasli, Aref"]
[Result "0-1"]
[WhiteElo "2121"]
[BlackElo "2413"]
[PlyCount "78"]
[EventDate "2019.12.27"]
[EventType "swiss"]
[EventRounds "7"]
[EventCountry "DEN"]
[SourceTitle "CBM 194 Extra"]
[Source "ChessBase"]
[SourceDate "2020.03.31"]
[SourceVersion "1"]
[SourceVersionDate "2020.03.31"]
[SourceQuality "1"]

1. d4 Nf6 2. c4 e6 3. Nf3 c5 4. d5 exd5 5. cxd5 d6 6. Nc3 g6 7. Nd2 Bg7 8. Nc4 0-0 9. Bf4 Ne8 10. Qd2 b6 11. a4 Ba6 12. Nb5 Bxb5 13. axb5 Nd7 14. e4 Qe7 15. Bd3 Ne5 16. Bxe5 Bxe5 17. Nxb6 Rb8 18. Nc4 f5 19. Nxe5 Qxe5 20. Rxa7 fxe4 21. Be2 Qd4 22. Qxd4 cxd4 23. Bc4 Nf6 24. 0-0 Ng4 25. b3 d3 26. Re7 Ne5 27. Re1 Rfc8 28. Kf1 Nxc4 29. bxc4 Rxc4 30. R7xe4 Rxe4 31. Rxe4 Rxb5 32. Ke1 Rxd5 33. Kd2 Kf7 34. Re3 Rg5 35. g3 Rf5 36. f3 Rd5 37. h4 Kf6 38. g4 Rd4 39. Kc3 d2 0-1

[Event "Bronshoj Lang Weekend"]
[Site "Copenhagen"]
[Date "2019.02.09"]
[Round "2"]
[White "Andersen, Rune"]
[Black "Antonsen, Mikkel"]
[Result "0-1"]
[WhiteElo "2177"]
[BlackElo "2428"]
[PlyCount "51"]
[EventDate "2019.02.08"]
[EventType "swiss"]
[EventRounds "7"]
[EventCountry "DEN"]
[SourceTitle "CBM 189 Extra"]
[Source "ChessBase"]
[SourceDate "2019.06.03"]
[SourceVersion "1"]
[SourceVersionDate "2019.06.03"]
[SourceQuality "1"]

1. d4 Nf6 2. c4 g6 3. Nc3 d5 4. Nf3 Bg7 5. Qb3 dxc4 6. Qxc4 0-0 7. e4 a6 8. e5 b5 9. Qb3 Nfd7 10. e6 fxe6 11. Be3 Nf6 12. Be2 Nd5 13. Bg5 h6 14. Bd2 Nc6 15. Qc2 Qe8 16. Qe4 Nf6 17. Qh4 g5 18. Qg3 b4 19. Nd1 Ne4 20. Qxc7 Ra7 21. Qb6 Nxd2 22. Kxd2 Qd7 23. Ke1 Rb7 24. Qxa6 Nxd4 25. Nxd4 Qxd4 26. Rc1 0-1

[Event "Bronshoj Lang Weekend"]
[Site "Copenhagen"]
[Date "2018.02.16"]
[Round "3"]
[White "Mouritsen, Jan"]
[Black "Andersen, Rune"]
[Result "0-1"]
[WhiteElo "1924"]
[BlackElo "2122"]
[PlyCount "62"]
[EventDate "2018.02.15"]
[EventType "swiss"]
[EventRounds "7"]
[EventCountry "DEN"]
[SourceTitle "CBM 183 Extra"]
[Source "ChessBase"]
[SourceDate "2018.04.19"]
[SourceVersion "1"]
[SourceVersionDate "2018.04.19"]
[SourceQuality "1"]

1. e4 c5 2. Nf3 Nc6 3. Nc3 g6 4. d4 cxd4 5. Nxd4 Bg7 6. Be3 Nf6 7. Bc4 Qa5 8. 0-0 0-0 9. f3 Qb4 10. Nxc6 bxc6 11. Bb3 d6 12. Qd2 Re8 13. Bh6 Bh8 14. Rad1 Be6 15. Rfe1 Nd7 16. f4 Qc5+ 17. Kh1 Bg4 18. Rb1 Qh5 19. f5 Be5 20. Bf4 gxf5 21. exf5 Bxf5 22. Ne4 Bxe4 23. Rxe4 Qg6 24. Rbe1 Kh8 25. Bxe5+ Nxe5 26. Rh4 Rg8 27. c3 Rg7 28. Bc2 Qf6 29. Rh6 Ng6 30. Qd3 Qg5 31. Qh3 Qd2 0-1

[Event "Copenhagen Bronshoj op"]
[Site "Copenhagen"]
[Date "2017.02.14"]
[Round "5"]
[White "Andersen, Rune"]
[Black "Tandrup, Michael"]
[Result "1-0"]
[WhiteElo "2119"]
[BlackElo "1930"]
[PlyCount "99"]
[EventDate "2017.02.10"]
[EventType "swiss"]
[EventRounds "7"]
[EventCountry "DEN"]
[SourceTitle "CBM 176 Extra"]
[Source "ChessBase"]
[SourceDate "2017.03.02"]
[SourceVersion "1"]
[SourceVersionDate "2017.03.02"]
[SourceQuality "1"]

1. d4 Nf6 2. c4 e6 3. Nc3 Bb4 4. e3 0-0 5. Bd3 d5 6. Nge2 b6 7. 0-0 Bb7 8. cxd5 Nxd5 9. e4 Nxc3 10. bxc3 Be7 11. f4 c5 12. Bb2 cxd4 13. cxd4 Ba6 14. Rc1 Bxd3 15. Qxd3 Nd7 16. f5 exf5 17. Rxf5 g6 18. Rf3 Rc8 19. Rcf1 Qc7 20. Nc3 Qc4 21. Nd5 Bd6 22. Qxc4 Rxc4 23. e5 Rc2 24. Bc1 Bxe5 25. dxe5 Nxe5 26. Nf6+ Kg7 27. Rh3 h5 28. Bg5 Re2 29. Rc3 Rxa2 30. Nxh5+ gxh5 31. Bf6+ Kh6 32. Bxe5 Rg8 33. g3 h4 34. Rxf7 Re8 35. Rc6+ Kg5 36. gxh4+ Kxh4 37. Bg3+ Kg5 38. Bf2 Re4 39. h4+ Kh5 40. Rf5+ Kg4 41. Rg5+ Kf3 42. Rf6+ Ke2 43. h5 b5 44. Rxb5 Rg4+ 45. Kh2 Rg8 46. Re5+ Kd3 47. Kh3 Ra4 48. Rd6+ Kc2 49. Rc5+ Kb3 50. Rd3+ 1-0

[Event "Copenhagen Bronshoj op"]
[Site "Copenhagen"]
[Date "2017.02.13"]
[Round "4"]
[White "Haubro, Martin"]
[Black "Andersen, Rune"]
[Result "1-0"]
[WhiteElo "2351"]
[BlackElo "2119"]
[PlyCount "107"]
[EventDate "2017.02.10"]
[EventType "swiss"]
[EventRounds "7"]
[EventCountry "DEN"]
[SourceTitle "CBM 176 Extra"]
[Source "ChessBase"]
[SourceDate "2017.03.02"]
[SourceVersion "1"]
[SourceVersionDate "2017.03.02"]
[SourceQuality "1"]

1. e4 c5 2. Nf3 Nc6 3. d4 cxd4 4. Nxd4 Nf6 5. Nc3 e5 6. Ndb5 d6 7. Bg5 a6 8. Na3 b5 9. Nd5 Be7 10. Bxf6 Bxf6 11. c4 b4 12. Nc2 Rb8 13. b3 Bg5 14. g3 0-0 15. h4 Bh6 16. Bh3 Be6 17. Kf1 g6 18. h5 Bg7 19. hxg6 Bxh3+ 20. Rxh3 fxg6 21. Kg2 Qd7 22. Qe2 Rf7 23. Rhh1 a5 24. Rad1 Rbf8 25. Rhf1 h5 26. Rd3 Bh6 27. c5 Qe6 28. cxd6 Qxd6 29. Ndxb4 Nd4 30. Nxd4 Qxb4 31. Nf3 Qb5 32. Nh4 Kh7 33. Re3 Qc5 34. Rf3 Bg5 35. Rxf7+ Rxf7 36. Nf3 Bd8 37. Qc4 Qxc4 38. bxc4 Re7 39. Rd1 Bc7 40. a4 Kg7 41. Rd5 Kf6 42. Rc5 Bb6 43. Rb5 Bc7 44. Nd2 Rd7 45. Rd5 Rd6 46. Kf3 g5 47. Nf1 Rb6 48. Rb5 Rxb5 49. cxb5 Bb6 50. Ne3 Ke6 51. Nc4 Bd8 52. b6 h4 53. gxh4 gxh4 54. Kg4 1-0

[Event "Helsingor Xtracon op"]
[Site "Helsingor"]
[Date "2016.07.27"]
[Round "6"]
[White "Thybo, Jesper Sondergaard"]
[Black "Andersen, Rune"]
[Result "0-1"]
[WhiteElo "2385"]
[BlackElo "2100"]
[PlyCount "94"]
[EventDate "2016.07.23"]
[EventType "swiss"]
[EventRounds "10"]
[EventCountry "DEN"]
[SourceTitle "CBM 173 Extra"]
[Source "ChessBase"]
[SourceDate "2016.08.29"]
[SourceVersion "1"]
[SourceVersionDate "2016.08.29"]
[SourceQuality "1"]

1. e4 c5 2. Nf3 Nc6 3. d4 cxd4 4. Nxd4 Nf6 5. Nc3 e5 6. Ndb5 d6 7. Bg5 a6 8. Na3 b5 9. Bxf6 gxf6 10. Nd5 Bg7 11. Bd3 Ne7 12. Nxe7 Qxe7 13. c4 f5 14. cxb5 d5 15. bxa6 0-0 16. 0-0 fxe4 17. Bb5 d4 18. Bc6 Rxa6 19. Bxe4 f5 20. Bd5+ Kh8 21. Rc1 Bb7 22. Qb3 Bxd5 23. Qxd5 e4 24. Nc4 Rg6 25. b4 Qg5 26. g3 Qe7 27. Rfe1 h5 28. b5 h4 29. b6 e3 30. Kh1 hxg3 31. fxg3 f4 32. gxf4 Rh6 33. Qg2 Re6 34. Rb1 Bh6 35. f5 Ref6 36. b7 Bf4 37. Qf3 Qc7 38. Rbc1 Rh6 39. h3 Qh7 40. Qxf4 Rxh3+ 41. Kg2 Rg8+ 42. Kf1 Qh5 43. Qxd4+ Kh7 44. Rxe3 Rh1+ 45. Kf2 Rh2+ 46. Kf1 Qxf5+ 47. Ke1 Rg1# 0-1

[Event "Copenhagen Bronshoj op"]
[Site "Copenhagen"]
[Date "2016.??.??"]
[Round "5"]
[White "Andersen, Rune"]
[Black "Kistrup, Nicolai"]
[Result "1-0"]
[WhiteElo "2149"]
[BlackElo "2058"]
[PlyCount "79"]
[EventDate "2016.02.12"]
[EventType "swiss"]
[EventRounds "7"]
[EventCountry "DEN"]
[SourceTitle "CBM 170 Extra"]
[Source "ChessBase"]
[SourceDate "2016.02.25"]
[SourceVersion "1"]
[SourceVersionDate "2016.02.25"]
[SourceQuality "1"]

1. d4 Nf6 2. c4 b6 3. Nc3 Bb7 4. Bg5 e6 5. e3 Be7 6. Nf3 h6 7. Bh4 0-0 8. Bd3 c5 9. 0-0 d6 10. Qe2 cxd4 11. Nxd4 Nbd7 12. Rad1 Rc8 13. Rc1 Qc7 14. Rfd1 a6 15. Bg3 Nc5 16. Bb1 Rfd8 17. e4 Ncd7 18. b3 Qb8 19. f4 Nf8 20. Bf2 N8d7 21. Re1 Qa8 22. Bh4 Nf8 23. Rcd1 Ng6 24. Bg3 Nf8 25. h3 Ne8 26. Bf2 Kh8 27. Na4 Nd7 28. Kh2 Kg8 29. g4 Qb8 30. Bg3 Ba8 31. h4 Nf8 32. g5 hxg5 33. hxg5 f6 34. Qh5 g6 35. Qh6 Kf7 36. f5 exf5 37. exf5 Kg8 38. Rxe7 Rc7 39. gxf6 Rxe7 40. fxe7 1-0

[Event "Koge Xtracon op"]
[Site "Koge"]
[Date "2015.10.14"]
[Round "3"]
[White "Andersen, Rune"]
[Black "Okhotnik, Vladimir"]
[Result "0-1"]
[WhiteElo "2103"]
[BlackElo "2448"]
[PlyCount "62"]
[EventDate "2015.10.12"]
[EventType "swiss"]
[EventRounds "9"]
[EventCountry "DEN"]
[SourceTitle "CBM 168 Extra"]
[Source "ChessBase"]
[SourceDate "2015.10.29"]
[SourceVersion "1"]
[SourceVersionDate "2015.10.29"]
[SourceQuality "1"]

1. d4 Nf6 2. Nf3 g6 3. Bg5 Bg7 4. Nbd2 d6 5. e4 h6 6. Bxf6 Bxf6 7. c3 Nd7 8. Bc4 e6 9. Qe2 Bg7 10. 0-0 e5 11. Bb3 0-0 12. Rad1 Qe7 13. dxe5 dxe5 14. Rfe1 Nc5 15. Bc4 a5 16. Nb3 Ne6 17. Qe3 a4 18. Bxe6 Qxe6 19. Nc5 Qb6 20. h3 Qxb2 21. Rb1 Qa3 22. Nxb7 Bxb7 23. Rxb7 Qxa2 24. Qc5 a3 25. Nxe5 Qc2 26. Rbb1 a2 27. Ra1 Rfb8 28. Qxc7 Bxe5 29. Qxe5 Rb1 30. c4 Rxe1+ 31. Rxe1 Qb1 0-1